000 00395nam a22001697a 4500
005 20160519115502.0
008 160519b xxu||||| |||| 00| 0 eng d
020 _a81-7446-215-5
041 _aeng
082 _b3162
100 _aManab Adhikary
_9794
245 _aBusiness Economics
260 _aNew Delhi
_bExcel Books,
_c2009
300 _a615
650 _aManagement
_9241
942 _cBK
999 _c1091
_d1091